000 00709nam a2200181Ia 4500
008 090124s9999 xx 000 0 und d
082 _b30733
_a2179
100 _aभातखंडे विष्णु ना.
245 _a हिंदुस्थानी संगीत पध्दती भाग 5
250 _a2
260 _c1999
300 _a438+4
600 _aभातखंडे विष्णु ना.
630 _a हिंदुस्थानी संगीत पध्दती भाग 5
700 _aभातखंडे विष्णु ना.
730 _a हिंदुस्थानी संगीत पध्दती भाग 5
942 _cBOOK
999 _c144213
_d144213